| 000 | 00465nam a2200145Ia 4500 | ||
|---|---|---|---|
| 008 | 180921t1906 xxu||||| ||||o00| 0 eng d | ||
| 041 | _aeng | ||
| 245 | _aPapers Laid Before The Legislative Council of During The Sessional of 1905-1906 : Revised Estimate For The.Extension of Railway To Negombo. | ||
| 260 | _c1906 | ||
| 300 | _ap.245-255, 33 cm | ||
| 500 | _aSessional Papers iv -1906 | ||
| 942 | _cBK | ||
| 999 |
_c52570 _d52570 |
||
| 003 | LK-CoDNM | ||
| 040 |
_aLK-CoDNM _dLK-CoDNM _eLK-CoDNM |
||